| 000 | 01290caa a2200361 i 4500 | ||
|---|---|---|---|
| 999 |
_c16302 _d3024 |
||
| 001 | 16302 | ||
| 003 | TR-AnTOB | ||
| 005 | 20230613151544.0 | ||
| 007 | ta | ||
| 008 | 041102s2004 tu 000 0 tur d | ||
| 020 | _a9756956887 | ||
| 020 | _a9789756956885 | ||
| 040 |
_aTR-AnTOB _beng _erda _cTR-AnTOB |
||
| 041 | 0 | _atur | |
| 050 |
_aDR592.K4 _bK59 2004 |
||
| 090 |
_aDR592.K4 _bK59 2004 |
||
| 100 | 1 |
_aKızılçelik, Sezgin, _d1969- _eauthor _97342 |
|
| 245 | 1 | 0 |
_aAtatürk'ü doğru anlamak : _bAmerika'nın küreselleşme söylemine ve Avrupa Birliği'ne karşı yeniden Kuvâyi Milliye, yeniden kalpaklı kalkınma ve Türkiye'nin Batı-Dışı mazlum milletler bloku seçeneği / _cSezgin Kızılçelik. |
| 250 | _agenişletilmiş 2. baskı | ||
| 264 | 1 |
_aAnkara : _bAnı yayıncılık, _c2004. |
|
| 300 |
_axxxii, 704 pages ; _c20 cm. |
||
| 336 |
_atext _btxt _2rdacontent |
||
| 337 |
_aunmediated _bn _2rdamedia |
||
| 338 |
_avolume _bnc _2rdacarrier |
||
| 504 | _aBibliography: p. 657-704 | ||
| 590 | _aDonated by Levent Kuşoğlu | ||
| 600 | 1 | 0 |
_aAtatürk, Mustafa Kemal _d1881-1938 _920781 |
| 651 | 0 |
_aTürkiye _xDış ilişkiler _zAvrupa _925171 |
|
| 651 | 0 |
_aTurkey _xForeign relations _zEurope _925172 |
|
| 902 | _a0002873 | ||
| 942 |
_cBK _2lcc |
||